000 00668nam a2200217 a 4500
001 BRCA_1378
005 20190320203412.0
008 990902s1998 mx-a---##b---#001-0dspa-#
020 _a9687009802
050 4 _aNK844
_b.G73 1998
245 1 0 _aGrandes maestros del arte popular mexicano.
260 _aMéxico
_bFomento Cultural Banamex
_c1998
300 _a551 p.
_bil. a color
_c33 cm.
500 _aIncluye índice alfabético
504 _aBibliografía: p. 544-545
650 1 4 _aArte popular
_zMéxico
_9882
650 1 4 _aArtesanía
_zMéxico
_94510
650 1 4 _aArtistas populares
_zMéxico
_94511
710 2 _aFomento Cultural Banamex
_93936
942 _2lcc
_cB
999 _c1240
_d1240